000 00331nam a2200133 i 4500
001 bg
100 1 _aMAZUR, Jędrzej
245 0 _aZagrożenia wypadkowe a mechanizacja budownictwa /
_cJędrzej Mazur.
260 _aWarszawa,
_c1977.
040 _cBPK
041 _apol
942 _cKS
008 s pl f |000 0 pol
999 _c27867
_d27867
856 _uhttp://koha.tu.koszalin.pl/cgi-bin/koha/opac-detail.pl?biblionumber=27867
_yKatalog online BPK